000 00683nam a2200217 i 4500
001 140586
003 ES-MaACL
005 20250803083334.0
007 t|
008 070214s1903 fr r ||||1| fre d
100 1 _aSeillière, Ernest.
_9105268
245 1 3 _aLe comte de Gobineau et l'aryanisme historique /
_cpar Ernest Seillière.
260 _aParis :
_bPlon-Nourrit et Cie.,
_c1903.
300 _aXLI, 450 p. ;
_c24 cm.
490 1 _aPhilosophie de l'Impérialisme
650 0 7 _aRacismo
_2embne
_916646
700 1 _aGobineau, Arthur,
_ccomte de.
_9147893
830 0 _aPhilosophie de l'Impérialisme
_9220341
852 _aES-MaACL
_jF-318
999 _c140586
_d140586